Latin American Perspectives

Bibliographic Details
Format: eBook
Language:English
Subjects:
Online Access:Acceso restringido

MARC

LEADER 00000nam a22000007a 4500
005 20211013213853.0
007 cr|||| |||
008 211013c19749999us br|w s|||| 0|||b1eng d
022 |a 0094-582X 
035 |a 33823 
040 |a vLex 
090 |c 12542  |d 12542 
245 0 0 |a Latin American Perspectives  |h [Recurso electrn̤ico] / 
256 |a Servicio en ln̕ea 
300 |a 1 recurso electrn̤ico 
310 |a Bimestral 
362 |a Nð 1-1 (Mar. 1974) - 
506 1 |a Disponible solo en los productos indicados  |d vLex Global  |d vLex Global (Academic Edition, excluding Law Schools)  |d vLex Global (Academic Edition, Law Schools) 
650 0 4 |a Derecho Internacional  |z Estados Unidos 
740 0 |a vLex Revistas (Servicio en ln̕ea) 
856 4 0 |u https://app.vlex.com/#/sources/33823  |z Acceso restringido 
942 |c REV 
999 0 |a International right